000 01563nam0a2200325 4500
001 RU\NLR\bibl\1268080
005 20260408191817.0
010 _a978-5-89035-426-6
_94000
021 _aRU
_b2008-52125
_92886
035 _a(NLR Aleph) 001253988
090 _a336958
_c336958
100 _a20080901d2007 u y0rusy50 ca
101 0 _arus
102 _aRU
105 _aa |||||||||
200 1 _aУстройство, эксплуатация и техническое обслуживание контактной сети и воздушных линий
_eучебник для профессиональной подготовки работников железнодорожного транспорта
_fЕ.А. Ерохин
210 _aМосква
_cУчебно-методический центр по образованию на железнодорожном транспорте
_d2007
215 _a404,[1] с.
_cил.
_d21
225 1 _aПрофессиональная подготовка
300 _aНа 401-й с. авт.: Ерохин Е.А. - инженер-электромеханик, преп.
320 _aБиблиогр.: с. 399-400 (23 назв.)
606 _aКонтактные сети (ж.-д.)
_jУчебники
_3RU\NLR\auth\661283302
_92126093
686 _aО217.22я7-1
700 1 _aЕрохин
_bЕ. А.
_gЕвгений Александрович
_4070
801 0 _aRU
_bNLR
_c20080901
_gRCR
801 1 _aRU
_bNLR
_c20080901
830 _aавт. по кн.
942 _cBOOK
980 _aNB